• 首页
  • 本馆介绍
  • 公告通知
  • 最新文献
  • 馆藏检索
  • 电子资源
  • 读者导购
  • 参考咨询
  • 我的图书馆
  • 登录
  • 详细信息显示
  • 放入我的书架
  • 预约/预借图书
  • 作者相关作品
  • 分类相关作品
  • 丛书相关作品
  • 出版社相关作品

书目信息

  • 表格格式
  • 工作单格式
  • 卡片格式
题名:
“人民资本主义”批判
    
 
作者: ;厦门大学经济系 编
分册:  
出版信息: 北京   商务印书馆  1978
页数: 90页
开本: 19cm
丛书名:
单 册:
中图分类: F087.3
科图分类:
主题词: 人民资本主义--研究 , 经济学
电子资源:
ISBN:
000 00723nam0 2200241 45
001 0178001605
005 20060517152917.59
010    @dCNY0.26
091    @a4017.179
100    @a19950714d1978 em y0chiy0121 ea
101 0  @achi
102    @aCN@b110000
105    @ay z 000yy
200 12 @a“人民资本主义”批判@Aren min zi ben zhu yi pi pan@f厦门大学经济系编@Fxia men da xue jing ji xi bian
210    @a北京@c商务印书馆@d1978
215    @a90页@d19cm
517 1  @a人民资本主义批判@Aren min zi ben zhu yi pi pan
606    @a人民资本主义@x研究
606 0  @a经济学
690    @aF087.3@v4
711 02 @a厦门大学经济系@Axia men da xue jing ji xi bian@4编
801  0 @aCN@bTSSF@c20060517
905    @a10447@dF087.3@e3
    
    “人民资本主义”批判/厦门大学经济系编.-北京:商务印书馆,1978
    90页;19cm
    
    
    ISBN :CNY0.26
    
●
相关链接 在E读中查询图书 在五车中查询图书 在当当中查询图书 在豆瓣中查询图书


正题名:"人民资本主义"批判     索取号:F087.3/3         预约/预借

序号 登录号 条形码 馆藏地/架位号 状态 备注
1 0001067   202157995   密集书库/ [索取号:F087.3/3] 在馆    
2 0001068   202345523   密集书库/ [索取号:F087.3/3] 在馆    
唐山师范学院图书馆 欢迎您!
大连网信软件有限公司© 版权所有